000 01590cam a2200361 a 4500
999 _c6862
_d6862
001 17335073
003 OSt
005 20210412113109.0
008 120607s2010 ug ab b 001 0 eng
010 _a 2012311447
020 _a9789970250318 (pbk.)
020 _a9970250310 (pbk.)
035 _a(OCoLC)ocn760985228
040 _aOI@
_cDDC
_dZCU
_dDLC
042 _alccopycat
_alcode
043 _afc-----
082 0 4 _a333.91 TSH 2010.
100 1 _aTshimanga, Raphael M.
_914076
245 1 0 _aTraditional systems of water and water resources management along the Upper Congo River /
_cRaphael M. Tshimanga.
246 3 0 _aUpper Congo River
260 _aKampala, Uganda :
_bFountain Publishers,
_c2010.
300 _axii, 84 p. :
_bill., maps ;
_c21 cm.
504 _aIncludes bibliographical references (p. 77-82) and index.
505 0 _aResearch background -- Aquatic environment, settlements, and subsistence -- Eco-concepts: understanding the environment and its values -- Traditional systems of knowledge -- Concluding remarks.
650 0 _aWater resources development
_xEnvironmental aspects
_zCongo River Watershed.
_914077
650 0 _aWater resources development
_zCongo River Watershed.
_914078
650 0 _aWater-supply
_zCongo River Watershed
_xManagement.
_914079
651 0 _aCongo River Watershed
_xHistory.
_914080
651 0 _aCongo River.
_914081
906 _a7
_bcbc
_ccopycat
_d3
_encip
_f20
_gy-gencatlg
942 _2ddc
_cO_SHELF